LEADER 01666nam0 22003853i 450 001 RML0287725 005 20231121125733.0 010 $a1853995819 100 $a20121121d1999 ||||0itac50 ba 101 | $aeng$alat 102 $agb 181 1$6z01$ai $bxxxe 182 1$6z01$an 200 1 $a˜The œsatires$fJuvenal$gedited with introduction commentary and bibliography by John Ferguson 210 $aLondon $cBristol Classical Press $d1999 215 $aXXXIX, 326 p.$d21 cm 500 10$aSatirae$3BVEE004661$9CFIV004507$917560 606 $aGiovenale, Decimo Giunio . Satirae$xCommenti$2FIR$3RMLC411677$9I 676 $a877.01$9Satira e umorismo latino. Periodo romano, fino al 499 ca.$v22 700 1$aIuvenalis$b, Decimus Iunius$3CFIV004507$4070$0439340 702 1$aFerguson$b, John$f <1921-1989>$3CFIV066719$4340 790 0$aJuvenal$3AQ1V000206$zIuvenalis, Decimus Iunius 790 1$aGiovenale$b, D. Giunio$3CFIV004508$zIuvenalis, Decimus Iunius 790 1$aGiovenale$b, Decimo Giunio$3CFIV030380$zIuvenalis, Decimus Iunius 790 0$aGiovenale$3CFIV046531$zIuvenalis, Decimus Iunius 790 1$aJuvenalis$b, Decimus Junius$3LO1V414495$zIuvenalis, Decimus Iunius 790 1$aJuvenalis$b, Decimus Iunius$3MILV125218$zIuvenalis, Decimus Iunius 801 3$aIT$bIT-01$c20121121 850 $aIT-FR0017 899 $aBiblioteca umanistica Giorgio Aprea$bFR0017 $eN 912 $aRML0287725 950 0$aBiblioteca umanistica Giorgio Aprea$d 52S.SIJ. LL2 Iuv.Fer.$e 52DLF0000070175 VMB RS $fA $h20170313$i20170313 977 $a 52 996 $aSatirae$917560 997 $aUNICAS LEADER 01027nam0 22003133i 450 001 UFI0515835 005 20231121125909.0 010 $a0727729667 010 $a9780727729668 100 $a20141021d2001 ||||0itac50 ba 101 | $aeng 102 $agb 181 1$6z01$ai $bxxxe 182 1$6z01$an 200 1 $aEarthworks$ea guide$fN. A. Trenter 210 $aLondon$cTelford$d2001 215 $aXI, 265 p.$cill.$d23 cm 606 $aGeotecnica$2FIR$3RMLC125090$9I 606 $aStrade$xMovimenti di terra$2FIR$3RMLC400926$9I 676 $a625.73$9$v21 700 1$aTrenter$b, N. A.$3UFIV169661$01448240 801 3$aIT$bIT-01$c20141021 850 $aIT-FR0099 899 $aBiblioteca Area Ingegneristica$bFR0099 912 $aUFI0515835 950 0$aBiblioteca Area Ingegneristica$d 54DMS 625.7 TRE$e 54VM 0000119325 VM barcode:BAIN004611. - Inventario:504mVM$fA $h20020529$i20121204 977 $a 54 996 $aEarthworks$93641983 997 $aUNICAS